| 000 | 00890nam a22002417a 4500 | ||
|---|---|---|---|
| 999 |
_c5745 _d5745 |
||
| 003 | OSt | ||
| 005 | 20251028105200.0 | ||
| 008 | 251028b ||||| |||| 00| 0 eng d | ||
| 020 | _a9780241691700 | ||
| 040 | _cKH8 | ||
| 082 | _aFIC RIO | ||
| 100 |
_aRiordan, Rick, _eauthor. |
||
| 245 |
_aPercy Jackson and the Olympians : _bWrath of the Triple Goddess / _cRick Riordan and cover illustration by Khadijah Khatib. |
||
| 260 |
_aUnited Kingdom ; _bPenguin Random House , _c2024. |
||
| 300 |
_a322 pages : _c24 cm. |
||
| 490 | _aPercy Jackson | ||
| 520 | _aReaders new to the Percy Jackson universe and long-time fans will love this adventure- full of legendary heroes, mythical creatures, ancient Greek gods and enduring friendship. | ||
| 650 |
_aHero _vfiction |
||
| 650 | _aAventure | ||
| 700 |
_aKhadijah, Khatib, _ecover illustrator. |
||
| 830 | _aPercy Jackson | ||
| 942 |
_2ddc _cFIC |
||